000 00412nam a22001217a 4500
008 230609b xxu||||| |||| 00| 0 eng d
082 _a354.676
_bGOK
110 _bGOK
245 _a2004/2005 Supplementary Estimates (Development Expenditure)
_bEstimates of further sums required to be voted for the service of the year ending 30th June, 2005
260 _aKenya
_bGOk
_cJune 2005
300 _a313p
942 _2ddc
_cBK
999 _c945
_d945